000
00296nam a22001337a 4500
008
170921b xxu||||| |||| 00| 0 eng d
020
_a
9780073401348
041
_a
eng
080
_2
6 ED
_a
78
100
_a
45
101
_a
MUZ
245
_a
MUSIC AN APPRECIATION
_c
KAMIEN.R
942
_2
udc
_c
BK
999
_c
28695
_d
28695